000 00425nam a2200157Ia 4500
003 GCL
008 140319s9999 xx 000 0 eng d
040 _aGCL /
_cGCL
082 0 4 _a375.2
_bW C
100 1 _aWILLIS, DAVE
245 1 0 _aCOLLINS COBUILD: ENGLISH COURSE AND TEACHER BOOKS /
_cWILLIS, DAVE
260 _a[S.N] :
_bCOLLINS ELT ،
_c1988
650 0 4 _aENGLISH COURSE
650 0 4 _aTEACHERS BOOKS
942 _2ddc
_cBK
999 _c10319
_d10319